Corporate agility : (Record no. 19426)

MARC details
000 -LEADER
fixed length control field 01056nam a22002777a 4500
005 - DATE AND TIME OF LATEST TRANSACTION
control field 20090120161855.0
008 - FIXED-LENGTH DATA ELEMENTS--GENERAL INFORMATION
fixed length control field 090120t xxu||||| |||| 00| 0 eng d
010 ## - LCCN (DPL NO)
LC control number ENG-91980
020 ## - INTERNATIONAL STANDARD BOOK NUMBER
International Standard Book Number 9788120335769
Terms of availability 450.00
035 ## - SYSTEM CONTROL NUMBER
System control number EN-75513
037 ## - SOURCE OF ACQUISITION
Source of stock number/acquisition DBAD / PUB
040 ## - CATALOGING SOURCE
Original cataloging agency dpl
Language of cataloging English
082 ## - DEWEY DECIMAL CLASSIFICATION NUMBER
Classification number 658.4012
100 ## - MAIN ENTRY--PERSONAL NAME
Personal name Grantham, Charles E.
245 ## - TITLE STATEMENT
Title Corporate agility :
Remainder of title a revolutionary new model for competing in a flat world /
Statement of responsibility, etc by Charles E. Grantham, James P. Ware [and] Cory Williamson.
260 ## - PUBLICATION, DISTRIBUTION, ETC. (IMPRINT)
Place of publication, distribution, etc New Delhi
Name of publisher, distributor, etc PHI Learning
Date of publication, distribution, etc 2008
300 ## - PHYSICAL DESCRIPTION
Extent x, 275 p. :
Other physical details ill. ;
Dimensions 24 cm (Hb)
504 ## - BIBLIOGRAPHY, ETC. NOTE
Bibliography, etc Includes index.
650 ## - SUBJECT ADDED ENTRY--TOPICAL TERM
Topical term or geographic name as entry element Strategic planning.
650 ## - SUBJECT ADDED ENTRY--TOPICAL TERM
Topical term or geographic name as entry element Organizational change.
650 ## - SUBJECT ADDED ENTRY--TOPICAL TERM
Topical term or geographic name as entry element Organizational effectiveness.
700 ## - ADDED ENTRY--PERSONAL NAME
Personal name Ware, James P.
700 ## - ADDED ENTRY--PERSONAL NAME
Personal name Williamson, Cory.
942 ## - ADDED ENTRY ELEMENTS (KOHA)
Source of classification or shelving scheme Dewey Decimal Classification
Item type CD-ROMs, DVDs, VHS
Classification part 658.4012
Call number suffix GRA
Holdings
Withdrawn status Lost status Source of classification or shelving scheme Damaged status Not for loan Collection code Home library Current library Date acquired Source of acquisition Cost, normal purchase price Total Checkouts Full call number Barcode Date last seen Copy number Cost, replacement price Koha item type
    Dewey Decimal Classification   Not For Loan Non-fiction D.B.Act.Division D.B.Act.Division 03/12/2008 DBAD / PUB 450.00   658.4012 GRA EN-75513 03/12/2008 1 450.00 English Books

© Delhi Public Library
Hit Counter
free hit counter